20 joueurs du Bayern Munich par images - Statistiques

Statistiques générales
  • Ce quiz a été pris 215 fois
  • Le résultat moyen est 17 sur 20
Statistiques - réponses
Par images Réponse % Correct
Benjamin Pavard
99%
Franck Ribéry
99%
Gerd Müller
99%
Oliver Kahn
99%
Thomas Müller
99%
Manuel Neuer
98%
Harry Kane
97%
Robert Lewandowski
97%
Sadio Mané
97%
Arjen Robben
96%
Xabi Alonso
96%
Michael Olise
93%
Toni Kroos
93%
David Alaba
92%
Mario Götze
87%
Bastian Schweinsteiger
72%
Douglas Costa
71%
Javi Martínez
54%
Karl-Heinz Rummenigge
32%
Luca Toni
32%
Aucun quiz correspondant
Distribution des résultats
% des personnes avec chaque résultat
Percentile par nombre de réponses
Votre historique - résultats
Vous n’avez pas pris ce quiz